[Event "4NCL/Div3/CAMB2 vs. SLOS2"]
[Site "Birmingham ENG"]
[Date "2007.11.10"]
[Round "3.7"]
[White "Gooding, Ian"]
[Black "Varnam, Liam D"]
[Result "1/2-1/2"]
[WhiteElo "1987"]
[BlackElo "2033"]
[PlyCount "81"]
[EventDate "2007.11.10"]
[EventType "team"]
[EventRounds "11"]
[EventCountry "ENG"]
[SourceDate "2007.09.15"]

1. e4 e5 2. Nf3 Nc6 3. Nc3 Nf6 4. Bb5 Bc5 5. O-O d6 6. d3 h6 7. Na4 Bb6 8. Nxb6
axb6 9. d4 exd4 10. Nxd4 Bd7 11. c3 O-O 12. Bd3 Re8 13. Re1 Ne5 14. Bc2 c5 15.
Nf5 Bxf5 16. exf5 d5 17. Bf4 Nc4 18. b3 Na3 19. Rxe8+ Qxe8 20. Bd3 c4 21. Be2
Qe4 22. Bd6 Nb5 23. Bb4 Re8 24. Bf3 Qxf5 25. bxc4 dxc4 26. a4 Nc7 27. Qd4 Qe6
28. h3 Na6 29. Bxb7 Nxb4 30. cxb4 Qe2 31. Rc1 Ne4 32. Bd5 c3 33. Bxe4 Rxe4 34.
Qxc3 Rf4 35. Rc2 Qd1+ 36. Kh2 Qd6 37. Qg3 Qxb4 38. Rc8+ Kh7 39. Qd3+ Qe4 40.
Qxe4+ Rxe4 41. Rb8 1/2-1/2

[Event "4NCL/Div3/CAMB2 vs. SLOS2"]
[Site "Birmingham ENG"]
[Date "2007.11.10"]
[Round "3.8"]
[White "Martin, Katie"]
[Black "Owens, Megan"]
[Result "1/2-1/2"]
[WhiteElo "1928"]
[BlackElo "1820"]
[PlyCount "40"]
[EventDate "2007.11.10"]
[EventType "team"]
[EventRounds "11"]
[EventCountry "ENG"]
[SourceDate "2007.09.15"]

1. e4 c5 2. Nc3 Nc6 3. g3 g6 4. Bg2 Bg7 5. d3 Nf6 6. Be3 d6 7. h3 O-O 8. Qd2
Rb8 9. Bh6 Nd4 10. Bxg7 Kxg7 11. Nd1 Be6 12. c3 Nc6 13. Ne3 d5 14. exd5 Nxd5
15. Nf3 f6 16. O-O Qd7 17. Kh2 Rbd8 18. Rad1 Bf7 19. Ng4 g5 20. Rfe1 h6 1/2-1/2

[Event "4NCL/Div3/SLOS3 vs. WWKS"]
[Site "Birmingham ENG"]
[Date "2007.11.10"]
[Round "3.3"]
[White "Makepeace, Philip J"]
[Black "Fishburne, Stewart K"]
[Result "0-1"]
[WhiteElo "2020"]
[BlackElo "2132"]
[PlyCount "78"]
[EventDate "2007.11.10"]
[EventType "team"]
[EventRounds "11"]
[EventCountry "ENG"]
[SourceDate "2007.09.15"]

1. e4 g6 2. d4 Bg7 3. Nc3 d6 4. Be2 Nf6 5. g4 c5 6. d5 O-O 7. Be3 e6 8. dxe6
Bxe6 9. e5 dxe5 10. Bxc5 Re8 11. Qxd8 Rxd8 12. Nb5 Na6 13. Be7 Rd7 14. Bxf6
Bxf6 15. a3 e4 16. Nc3 Bxc3+ 17. bxc3 Rc8 18. Bb5 Rdc7 19. Ne2 Bxg4 20. Nf4 Rc5
21. Be2 Bxe2 22. Nxe2 Nc7 23. Rb1 Nb5 24. Rxb5 Rxb5 25. Kd2 Ra5 26. Ra1 Rh5 27.
Rh1 Rh3 28. Ng3 f5 29. Ne2 Kf7 30. Rb1 b6 31. Rh1 Rc5 32. a4 Kf6 33. Ng3 Ke5
34. Ne2 f4 35. Rf1 Rxh2 36. f3 exf3 37. Rxf3 g5 38. Kd3 g4 39. Rf1 Rxe2 0-1

[Event "4NCL/Div3/SLOS3 vs. WWKS"]
[Site "Birmingham ENG"]
[Date "2007.11.10"]
[Round "3.4"]
[White "Page, Mark"]
[Black "Rudolf, Kata"]
[Result "1-0"]
[WhiteElo "2165"]
[BlackElo "1400"]
[PlyCount "49"]
[EventDate "2007.11.10"]
[EventType "team"]
[EventRounds "11"]
[EventCountry "ENG"]
[SourceDate "2007.09.15"]

1. e4 c5 2. Nc3 a6 3. g3 e5 4. Bg2 Nc6 5. d3 d6 6. f4 Be7 7. Nf3 Bg4 8. h3 Bxf3
9. Qxf3 Nd4 10. Qf2 Nf6 11. O-O Qd7 12. fxe5 dxe5 13. Nd5 Qc6 14. Bg5 Rg8 15.
c3 Nb5 16. d4 Rf8 17. Nxe7 Kxe7 18. dxe5 Ke8 19. exf6 gxf6 20. e5 Qb6 21. Bxf6
Qe6 22. Rad1 Nc7 23. Qxc5 Rc8 24. Qxc7 Qxf6 25. Qd7# 1-0

[Event "4NCL/Div3/ANGA1 vs. SWD2"]
[Site "Birmingham ENG"]
[Date "2007.11.10"]
[Round "3.1"]
[White "Talsma, Paul A"]
[Black "Rees, Gwynfor"]
[Result "1-0"]
[WhiteElo "2235"]
[BlackElo "2097"]
[PlyCount "79"]
[EventDate "2007.11.10"]
[EventType "team"]
[EventRounds "11"]
[EventCountry "ENG"]
[SourceDate "2007.09.15"]

1. d4 Nf6 2. c4 g6 3. Nc3 Bg7 4. e4 d6 5. Bg5 h6 6. Be3 Ng4 7. Bc1 e5 8. d5 f5
9. exf5 gxf5 10. Nge2 h5 11. h3 Nf6 12. g3 Nbd7 13. Be3 Nf8 14. Qc2 Bd7 15.
O-O-O a6 16. f4 e4 17. Nd4 c5 18. dxc6 bxc6 19. c5 d5 20. Na4 Ng6 21. Nb6 Ra7
22. Be2 Ne7 23. Rdf1 Kf7 24. Rhg1 Be6 25. Qd2 Qc7 26. g4 hxg4 27. hxg4 Rb7 28.
gxf5 Bxf5 29. Rg5 Bh3 30. Rh1 Bd7 31. Rxh8 Bxh8 32. Qe1 Ng6 33. Qg3 Nf8 34. Qh4
N8h7 35. Bh5+ Kf8 36. Bg6 Bc8 37. Nxc8 Nxg5 38. Qxh8+ Ng8 39. Bf5 Nf7 40. Ne6+
1-0

[Event "4NCL/Div3/ANGA1 vs. SWD2"]
[Site "Birmingham ENG"]
[Date "2007.11.10"]
[Round "3.2"]
[White "Thomas, Joseff"]
[Black "Munson, Shaun D"]
[Result "1-0"]
[WhiteElo "2077"]
[BlackElo "2204"]
[PlyCount "109"]
[EventDate "2007.11.10"]
[EventType "team"]
[EventRounds "11"]
[EventCountry "ENG"]
[SourceDate "2007.09.15"]

1. e4 c5 2. d4 cxd4 3. c3 Nf6 4. e5 Nd5 5. Bc4 Qc7 6. Qe2 Nb6 7. Bb3 d5 8. exd6
Qxd6 9. Nf3 d3 10. Qe4 Bd7 11. Ne5 e6 12. Bf4 Bc6 13. Nxf7 Kxf7 14. Qf5+ Ke8
15. Bxe6 Qe7 16. Bg5 Qc7 17. O-O Be7 18. Re1 Rf8 19. Qxh7 Bxg5 20. Qg6+ Kd8 21.
Qxg5+ Qe7 22. Qd2 Rf6 23. Bf5 Qd6 24. Bxd3 N8d7 25. Na3 Kc7 26. Qc2 Rh8 27. h3
Rhf8 28. Re2 Qf4 29. Nb5+ Bxb5 30. Bxb5 R8f7 31. Rd1 a6 32. Rd4 Qg5 33. Bd3 Ne5
34. Be4 Nc6 35. Rd3 Qc5 36. b4 Qc4 37. a4 Rf4 38. a5 Nc8 39. Bd5 Qb5 40. Bxf7
Rxf7 41. Rdd2 Qg5 42. Qb3 Qf6 43. c4 Qf4 44. Qc3 Nd6 45. b5 axb5 46. cxb5 Nxb5
47. Qc5 Nbd4 48. Qb6+ Kd6 49. g3 Qf6 50. Re4 Kd5 51. Rf4 Qe5 52. Qb5+ Ke6 53.
Qc4+ Kd6 54. Rdxd4+ Nxd4 55. Rxd4+ 1-0

[Event "4NCL/Div3/ANGA1 vs. SWD2"]
[Site "Birmingham ENG"]
[Date "2007.11.10"]
[Round "3.3"]
[White "Spence, David"]
[Black "Roberts, David L"]
[Result "1-0"]
[WhiteElo "2176"]
[BlackElo "2140"]
[PlyCount "81"]
[EventDate "2007.11.10"]
[EventType "team"]
[EventRounds "11"]
[EventCountry "ENG"]
[SourceDate "2007.09.15"]

1. e4 e5 2. Nf3 Nc6 3. Bb5 a6 4. Ba4 Nf6 5. Qe2 b5 6. Bb3 Be7 7. c3 O-O 8. O-O
d6 9. Rd1 Na5 10. Bc2 c5 11. a4 Bd7 12. d4 Qc7 13. Bg5 h6 14. Bh4 Nc6 15. axb5
axb5 16. Rxa8 Rxa8 17. dxe5 Nxe5 18. Nbd2 Ra2 19. Rb1 Qa5 20. Ne1 c4 21. f4
Neg4 22. Nef3 d5 23. Bxf6 Bxf6 24. e5 Be7 25. h3 Bc5+ 26. Kh1 Ne3 27. Nf1 Nxc2
28. Qxc2 b4 29. cxb4 Qxb4 30. Ng3 d4 31. Qe4 Qb6 32. f5 Bc6 33. Qg4 Rxb2 34.
Rxb2 Qxb2 35. f6 g5 36. Qc8+ Bf8 37. Qxc6 Qf2 38. e6 Qxg3 39. e7 Qb8 40. e8=Q
Qb1+ 41. Kh2 1-0

[Event "4NCL/Div3/ANGA1 vs. SWD2"]
[Site "Birmingham ENG"]
[Date "2007.11.10"]
[Round "3.4"]
[White "Brown, Alan M"]
[Black "Player, Edmund C"]
[Result "1-0"]
[WhiteElo "2136"]
[BlackElo "2132"]
[PlyCount "79"]
[EventDate "2007.11.10"]
[EventType "team"]
[EventRounds "11"]
[EventCountry "ENG"]
[SourceDate "2007.09.15"]

1. d4 d5 2. Nf3 Nf6 3. c4 dxc4 4. e3 e6 5. Bxc4 c5 6. Nc3 a6 7. O-O Qc7 8. Qe2
Nc6 9. Bd2 Bd6 10. dxc5 Bxc5 11. Rac1 O-O 12. Bd3 Bd6 13. h3 Bd7 14. e4 Be8 15.
Be3 Nd7 16. Nd2 Nde5 17. Bb1 f6 18. Nd5 exd5 19. exd5 Qe7 20. dxc6 Bxc6 21.
Rfd1 Bb5 22. Qh5 f5 23. Bg5 Qe6 24. Nb3 Nf7 25. Re1 Qd7 26. Be3 g6 27. Qh4 Ne5
28. Rcd1 Qc7 29. Bd4 Rae8 30. Bc3 f4 31. Qh6 f3 32. Nd4 fxg2 33. Be4 Qf7 34. f3
Bc5 35. Kxg2 Bxd4 36. Bxd4 Nxf3 37. Bd5 Re6 38. Bxe6 Nh4+ 39. Qxh4 Qxe6 40.
Rxe6 1-0

[Event "4NCL/Div3/ANGA1 vs. SWD2"]
[Site "Birmingham ENG"]
[Date "2007.11.10"]
[Round "3.5"]
[White "Gregory, Stephen J"]
[Black "Burton, Graham P"]
[Result "1/2-1/2"]
[WhiteElo "2168"]
[BlackElo "2123"]
[PlyCount "91"]
[EventDate "2007.11.10"]
[EventType "team"]
[EventRounds "11"]
[EventCountry "ENG"]
[SourceDate "2007.09.15"]

1. e4 c5 2. Nf3 e6 3. d3 Nc6 4. g3 g6 5. Bg2 Bg7 6. O-O Nge7 7. Re1 d6 8. c3 e5
9. a3 O-O 10. b4 a6 11. Be3 b6 12. Qc1 f5 13. Ra2 Bb7 14. bxc5 dxc5 15. Rb2 Qc7
16. Bh6 Rad8 17. Bxg7 Kxg7 18. exf5 Nxf5 19. Rbe2 Rxd3 20. Nxe5 Nxe5 21. Bxb7
Qxb7 22. Rxe5 Rf7 23. Nd2 Qc7 24. R5e2 h6 25. Ne4 c4 26. a4 Nd6 27. Nxd6 Qxd6
28. Re6 Qc5 29. Qc2 Qf5 30. Qe2 Rxc3 31. Re5 Qc2 32. Qf1 Rcf3 33. R1e2 Qd3 34.
Qc1 Qd4 35. R5e4 Qf6 36. Re6 Qd4 37. Qc2 Qd3 38. Rxb6 R3f6 39. Rxf6 Rxf6 40.
Rd2 Qxc2 41. Rxc2 Rc6 42. Kf1 c3 43. Ke2 Rc4 44. a5 Rc5 45. h4 Rxa5 46. Rxc3
1/2-1/2

[Event "4NCL/Div3/ANGA1 vs. SWD2"]
[Site "Birmingham ENG"]
[Date "2007.11.10"]
[Round "3.6"]
[White "Bennion, David A"]
[Black "Gray, Mark S"]
[Result "1/2-1/2"]
[WhiteElo "2075"]
[BlackElo "2114"]
[PlyCount "100"]
[EventDate "2007.11.10"]
[EventType "team"]
[EventRounds "11"]
[EventCountry "ENG"]
[SourceDate "2007.09.15"]

1. e4 e5 2. Bc4 Nf6 3. d3 Nc6 4. Nf3 Be7 5. Nc3 d6 6. a4 O-O 7. h3 Be6 8. Bxe6
fxe6 9. O-O d5 10. Re1 Bb4 11. Bd2 Bxc3 12. Bxc3 d4 13. Bd2 Qe8 14. c3 Nh5 15.
Ng5 Rf6 16. b4 Qg6 17. Qg4 Raf8 18. Nf3 Nf4 19. Bxf4 Qxg4 20. hxg4 Rxf4 21. b5
Na5 22. Nxe5 Rxf2 23. Nf3 R2xf3 24. gxf3 Rxf3 25. cxd4 Rxd3 26. Rad1 Rg3+ 27.
Kf2 Rxg4 28. Kf3 Rg6 29. e5 Kf7 30. Rh1 h6 31. Rdg1 c6 32. Rxg6 Kxg6 33. Rg1+
Kf7 34. Rb1 cxb5 35. Rxb5 b6 36. Rb1 Nc6 37. Ke4 Ne7 38. Rf1+ Kg6 39. Rc1 Nd5
40. Rc6 Kf7 41. Rc8 a5 42. Kf3 Kg6 43. Rb8 Kf5 44. Rb7 g5 45. Rf7+ Kg6 46. Rf8
h5 47. Rg8+ Kf5 48. Rf8+ Kg6 49. Rg8+ Kf5 50. Rf8+ Kg6 1/2-1/2

[Event "4NCL/Div3/ANGA1 vs. SWD2"]
[Site "Birmingham ENG"]
[Date "2007.11.10"]
[Round "3.7"]
[White "Wallis, Ian"]
[Black "van Kemenade, Rudy"]
[Result "0-1"]
[WhiteElo "2075"]
[BlackElo "2021"]
[PlyCount "54"]
[EventDate "2007.11.10"]
[EventType "team"]
[EventRounds "11"]
[EventCountry "ENG"]
[SourceDate "2007.09.15"]

1. e4 e5 2. Nf3 Nf6 3. d4 Nxe4 4. Bd3 d5 5. Nxe5 Nd7 6. Nxd7 Bxd7 7. O-O Qh4 8.
c4 O-O-O 9. c5 g5 10. Nc3 Bg7 11. g3 Qh6 12. Be3 Bh3 13. Re1 f5 14. Qa4 Kb8 15.
f4 c6 16. Qb3 Kc8 17. Qa4 Kb8 18. Qb3 Qh5 19. Be2 g4 20. a4 Rhe8 21. a5 Nxc5
22. dxc5 Rxe3 23. Ba6 Rxg3+ 24. Kf2 Rg2+ 25. Ke3 d4+ 26. Kd3 dxc3+ 27. Kc4 Qf7+
0-1

[Event "4NCL/Div3/ANGA1 vs. SWD2"]
[Site "Birmingham ENG"]
[Date "2007.11.10"]
[Round "3.8"]
[White "Blackburn, Suzie"]
[Black "Egorova, Anna"]
[Result "1/2-1/2"]
[WhiteElo "1859"]
[BlackElo "1950"]
[PlyCount "28"]
[EventDate "2007.11.10"]
[EventType "team"]
[EventRounds "11"]
[EventCountry "ENG"]
[SourceDate "2007.09.15"]

1. d4 d5 2. Nf3 Nf6 3. Bg5 Nbd7 4. Nbd2 e6 5. e3 Be7 6. Bd3 O-O 7. O-O c5 8. c3
b6 9. Ne5 Nxe5 10. dxe5 Nd7 11. Bxe7 Qxe7 12. f4 f5 13. c4 Bb7 14. Qc2 g6
1/2-1/2

[Event "4NCL/Div3/WWKS vs. MIN"]
[Site "Birmingham ENG"]
[Date "2007.11.11"]
[Round "4.1"]
[White "Mason, Don"]
[Black "Yuvarajan, Prathiba"]
[Result "1/2-1/2"]
[WhiteElo "2241"]
[BlackElo "2214"]
[PlyCount "119"]
[EventDate "2007.11.11"]
[EventType "team"]
[EventRounds "11"]
[EventCountry "ENG"]
[SourceDate "2007.09.15"]

1. e4 e6 2. d4 d5 3. Nd2 Nf6 4. e5 Nfd7 5. c3 c5 6. Bd3 Nc6 7. Ngf3 Qb6 8. O-O
cxd4 9. cxd4 f6 10. exf6 Nxf6 11. b3 Bd6 12. Bb2 O-O 13. a3 Bd7 14. b4 Rae8 15.
Ne5 Nxd4 16. Nxd7 Nxd7 17. Qg4 Be5 18. Rae1 Ne2+ 19. Rxe2 Bxb2 20. Nf3 Nf6 21.
Qh3 Bxa3 22. Ng5 h6 23. Nxe6 Bxb4 24. Nxf8 Rxe2 25. Bxe2 Bxf8 26. Qf5 a5 27. g4
Qd6 28. h4 a4 29. g5 hxg5 30. hxg5 Ne4 31. Bh5 Qe7 32. Qxd5+ Kh8 33. Re1 Qxg5+
34. Qxg5 Nxg5 35. Re8 Kg8 36. Ra8 a3 37. Be2 Kf7 38. Bc4+ Ke7 39. Rxa3 Kd7 40.
Rb3 Kc6 41. Bb5+ Kc7 42. Rd3 Kb6 43. Be8 Bc5 44. Kg2 Ne4 45. f3 Nf6 46. Rb3+
Kc7 47. Bf7 Kc6 48. Bc4 b6 49. Kg3 g5 50. Rb1 Bd6+ 51. Kf2 Kc5 52. Ba6 Nd5 53.
Rb5+ Kc6 54. Rxd5 Kxd5 55. Ke3 Kc5 56. Kd3 Kb4 57. Kc2 b5 58. Bc8 Kc4 59. Be6+
Kd4 60. Bg4 1/2-1/2

[Event "4NCL/Div3/WWKS vs. MIN"]
[Site "Birmingham ENG"]
[Date "2007.11.11"]
[Round "4.2"]
[White "Ackley, Peter"]
[Black "James, Russell A"]
[Result "1/2-1/2"]
[WhiteElo "2134"]
[BlackElo "2231"]
[PlyCount "28"]
[EventDate "2007.11.11"]
[EventType "team"]
[EventRounds "11"]
[EventCountry "ENG"]
[SourceDate "2007.09.15"]

1. f4 Nf6 2. Nf3 d6 3. Nc3 Bg4 4. e4 d5 5. e5 Ne4 6. d3 Nxc3 7. bxc3 c5 8. h3
Bxf3 9. Qxf3 Nc6 10. Rb1 e6 11. Bd2 Be7 12. Be2 Qc7 13. O-O O-O 14. Qg4 f5
1/2-1/2

[Event "4NCL/Div3/WWKS vs. MIN"]
[Site "Birmingham ENG"]
[Date "2007.11.11"]
[Round "4.3"]
[White "Hynes, Anthony"]
[Black "Almond, Richard"]
[Result "1-0"]
[WhiteElo "2246"]
[BlackElo "2105"]
[PlyCount "113"]
[EventDate "2007.11.11"]
[EventType "team"]
[EventRounds "11"]
[EventCountry "ENG"]
[SourceDate "2007.09.15"]

1. e4 d5 2. exd5 Qxd5 3. Nc3 Qa5 4. d4 c6 5. Nf3 Nf6 6. Bc4 Bf5 7. Bd2 e6 8.
Qe2 Bb4 9. a3 Nbd7 10. O-O-O Bxc3 11. Bxc3 Qc7 12. Ne5 Nxe5 13. dxe5 Nd5 14.
Bxd5 cxd5 15. Bb4 Rc8 16. c3 Qc4 17. Qxc4 Rxc4 18. b3 Rc6 19. Kb2 b5 20. Rd4 f6
21. f4 Kf7 22. Ra1 g5 23. a4 bxa4 24. Rxa4 a6 25. c4 Be4 26. exf6 gxf4 27. Rd2
Rg8 28. Bc3 Rxg2 29. Rxg2 Bxg2 30. cxd5 exd5 31. Rxf4 Be4 32. Rg4 Bg6 33. h4 h5
34. Rb4 Rc7 35. Rb6 a5 36. Ra6 Rd7 37. Bd4 Be4 38. Rxa5 Rc7 39. Ka3 Kg6 40. Ra8
Kf7 41. b4 Bg6 42. b5 Rc4 43. Bb2 d4 44. Kb3 Rc5 45. Kb4 Rd5 46. b6 Bd3 47. Ka3
Rd7 48. Ra7 Rxa7+ 49. bxa7 Be4 50. Bxd4 Ke6 51. Kb4 Kd6 52. Be5+ Kd7 53. Kc5
Bh1 54. Bf4 Bg2 55. Bh6 Ke6 56. Bg7 Bh1 57. Kb6 1-0

[Event "4NCL/Div3/WWKS vs. MIN"]
[Site "Birmingham ENG"]
[Date "2007.11.11"]
[Round "4.4"]
[White "Minnican, Alan"]
[Black "Pitcher, John"]
[Result "1/2-1/2"]
[WhiteElo "2110"]
[BlackElo "2195"]
[PlyCount "89"]
[EventDate "2007.11.11"]
[EventType "team"]
[EventRounds "11"]
[EventCountry "ENG"]
[SourceDate "2007.09.15"]

1. Nf3 d5 2. d4 Nf6 3. e3 c6 4. Bd3 Bg4 5. Nbd2 e6 6. c3 Nbd7 7. e4 dxe4 8.
Nxe4 Nxe4 9. Bxe4 Bd6 10. h3 Bh5 11. O-O Qc7 12. Bd3 O-O-O 13. Be2 h6 14. Nd2
Bg6 15. Nc4 Nf6 16. Qa4 Kb8 17. Nxd6 Qxd6 18. Bf3 Nd5 19. Re1 Ka8 20. Be3 Nb6
21. Qb3 Nd5 22. Rad1 Nxe3 23. Rxe3 Bf5 24. Re5 Qc7 25. Qa4 Rd6 26. b4 Rc8 27.
Rc5 e5 28. Rxe5 Be6 29. Rde1 Kb8 30. Ra5 b6 31. Rae5 Rcd8 32. Qa6 Bc8 33. Qe2
Be6 34. a4 g5 35. a5 b5 36. Rc5 a6 37. Qe5 Bd5 38. Bxd5 Rxd5 39. Rxd5 cxd5 40.
Qf6 Rd6 41. Re8+ Kb7 42. Qe5 Rd7 43. Qf6 Rd6 44. Qe5 Rd7 45. Qf6 1/2-1/2

[Event "4NCL/Div3/WWKS vs. MIN"]
[Site "Birmingham ENG"]
[Date "2007.11.11"]
[Round "4.5"]
[White "Galloway, Iain"]
[Black "Camargo, Luiz"]
[Result "1-0"]
[WhiteElo "2136"]
[BlackElo "2125"]
[PlyCount "179"]
[EventDate "2007.11.11"]
[EventType "team"]
[EventRounds "11"]
[EventCountry "ENG"]
[SourceDate "2007.09.15"]

1. e4 c5 2. Nf3 d6 3. c4 Nc6 4. Nc3 g6 5. d4 cxd4 6. Nxd4 Bg7 7. Be3 Nf6 8. Be2
O-O 9. O-O Bd7 10. Rc1 Nxd4 11. Bxd4 Bc6 12. Bf3 Qa5 13. b3 Rfc8 14. Re1 Qd8
15. Nd5 Nxd5 16. exd5 Bd7 17. Bxg7 Kxg7 18. Qd4+ f6 19. Re3 Qf8 20. Rce1 Re8
21. h4 b6 22. Bg4 Rad8 23. h5 Bxg4 24. Qxg4 g5 25. f4 h6 26. fxg5 hxg5 27. Re6
Rd7 28. Qf5 Qf7 29. g4 Rc7 30. Qe4 Rd7 31. Rf1 Rf8 32. Kg2 Rc7 33. a4 Rb7 34.
Rf5 Rh8 35. Qd4 Kg8 36. b4 Rc7 37. Qe4 Kf8 38. a5 bxa5 39. bxa5 Rb7 40. Qd4 Kg8
41. c5 dxc5 42. Qxc5 Kg7 43. Rf2 Rd8 44. a6 Rbd7 45. Rfe2 Rxd5 46. Qxa7 Rd2 47.
Qxe7 R8d7 48. Qxf7+ Kxf7 49. Re7+ Rxe7 50. Rxd2 Ra7 51. Rd6 Rc7 52. Rb6 Rc2+
53. Kf3 Kg7 54. Rb7+ Kh6 55. Rf7 Rc6 56. a7 Rc3+ 57. Ke4 Ra3 58. Rxf6+ Kh7 59.
Rg6 Rxa7 60. Rxg5 Ra1 61. Rg6 Ra4+ 62. Kf5 Ra5+ 63. Kf4 Ra4+ 64. Kg5 Ra5+ 65.
Kh4 Ra1 66. Rf6 Kg7 67. Kg5 Rg1 68. h6+ Kh7 69. Rf7+ Kg8 70. Rb7 Ra1 71. Kh5
Rc1 72. g5 Ra1 73. Rg7+ Kh8 74. Rf7 Kg8 75. Kg6 Ra6+ 76. Rf6 Ra8 77. Re6 Rf8
78. Rd6 Kh8 79. Rf6 Ra8 80. Re6 Rf8 81. Re7 Kg8 82. Kh5 Ra8 83. g6 Ra5+ 84. Kg4
Ra4+ 85. Kf5 Ra5+ 86. Ke4 Ra4+ 87. Kd5 Ra5+ 88. Kc4 Ra8 89. Rc7 Rf8 90. h7+ 1-0

[Event "4NCL/Div3/WWKS vs. MIN"]
[Site "Birmingham ENG"]
[Date "2007.11.11"]
[Round "4.6"]
[White "Hardman, Michael J"]
[Black "Webster, Paul"]
[Result "1/2-1/2"]
[WhiteElo "2117"]
[BlackElo "2050"]
[PlyCount "117"]
[EventDate "2007.11.11"]
[EventType "team"]
[EventRounds "11"]
[EventCountry "ENG"]
[SourceDate "2007.09.15"]

1. d4 Nf6 2. Nf3 d5 3. g3 Bf5 4. Bg2 c6 5. O-O e6 6. c4 Bd6 7. Qb3 Qc8 8. Nc3
Nbd7 9. Re1 O-O 10. Nh4 Bg6 11. Nxg6 hxg6 12. e4 dxc4 13. Qxc4 Nb6 14. Qb3 e5
15. dxe5 Bxe5 16. Be3 Bc7 17. Rad1 Rd8 18. Bd4 Qe6 19. Qxe6 fxe6 20. b3 e5 21.
Be3 Bd6 22. Rd3 Bb4 23. Rxd8+ Rxd8 24. Rd1 Rxd1+ 25. Nxd1 Ng4 26. Bc1 Bc5 27.
h3 Nf6 28. Kf1 Bd4 29. Ke2 Kf7 30. Be3 c5 31. Kd3 Nc8 32. Nc3 Nd6 33. Ne2 Nd7
34. Bxd4 cxd4 35. b4 g5 36. f4 gxf4 37. gxf4 Kf6 38. fxe5+ Nxe5+ 39. Kxd4 Nc6+
40. Kd5 Nb5 41. e5+ Nxe5 42. Kc5 Na3 43. Bxb7 Nd3+ 44. Kd4 Nxb4 45. Kc3 a5 46.
Kb3 Nb5 47. a3 Nd3 48. Ba6 Nc5+ 49. Kc4 Nxa3+ 50. Kxc5 Nc2 51. Kb5 Kg5 52. Kxa5
Kh4 53. Bc8 g5 54. Ng1 Kg3 55. Ne2+ Kh4 56. Kb5 Ne3 57. Nd4 g4 58. Nf5+ Nxf5
59. Bxf5 1/2-1/2

[Event "4NCL/Div3/WWKS vs. MIN"]
[Site "Birmingham ENG"]
[Date "2007.11.11"]
[Round "4.7"]
[White "Baruch, Andrew J D"]
[Black "Hawkins, Nick"]
[Result "1/2-1/2"]
[WhiteElo "2082"]
[BlackElo "2016"]
[PlyCount "47"]
[EventDate "2007.11.11"]
[EventType "team"]
[EventRounds "11"]
[EventCountry "ENG"]
[SourceDate "2007.09.15"]

1. g3 e5 2. Nf3 Nc6 3. d3 d5 4. Bg2 Nf6 5. O-O Be7 6. a3 a5 7. b3 O-O 8. Bb2
Qd6 9. Nc3 d4 10. Nb5 Qd8 11. c3 dxc3 12. Bxc3 Bd6 13. Qc2 Qe7 14. Bb2 Re8 15.
Nd2 Bd7 16. Nc4 Be6 17. e3 Ra6 18. Rfc1 Bd5 19. e4 Be6 20. Ne3 Rb6 21. Nxd6
Qxd6 22. Nc4 Bxc4 23. dxc4 Qc5 24. Rd1 1/2-1/2

[Event "4NCL/Div3/WWKS vs. MIN"]
[Site "Birmingham ENG"]
[Date "2007.11.11"]
[Round "4.8"]
[White "Twitchell, Neville H"]
[Black "Weaving, Richard"]
[Result "1/2-1/2"]
[WhiteElo "1978"]
[BlackElo "1850"]
[PlyCount "131"]
[EventDate "2007.11.11"]
[EventType "team"]
[EventRounds "11"]
[EventCountry "ENG"]
[SourceDate "2007.09.15"]

1. e4 d5 2. exd5 Nf6 3. c4 e6 4. dxe6 Bxe6 5. d4 Bb4+ 6. Nc3 Qe7 7. Be3 O-O 8.
Bd3 Re8 9. Nge2 Ng4 10. Qd2 Nxe3 11. Qxe3 Nd7 12. O-O Rad8 13. a3 Bxc3 14. Nxc3
Qh4 15. g3 Qh3 16. Qf3 Nf6 17. d5 Bg4 18. Qh1 Qh5 19. f3 Qe5 20. Rad1 Bh3 21.
Rf2 Qe3 22. Be2 c6 23. d6 Re6 24. d7 Rxd7 25. Rxd7 Nxd7 26. f4 Qc1+ 27. Bf1 Re1
28. Qf3 h5 29. Ne4 Qxc4 30. Ng5 Rxf1+ 31. Rxf1 Qxf1+ 32. Qxf1 Bxf1 33. Kxf1 Nc5
34. Ke2 f6 35. Nf3 Kf7 36. f5 a5 37. Nh4 Na4 38. b4 axb4 39. axb4 Nc3+ 40. Kd3
Nd5 41. Kc4 Ke7 42. b5 Kd6 43. bxc6 bxc6 44. Kd4 c5+ 45. Ke4 c4 46. Nf3 c3 47.
Nd4 Kc5 48. Kd3 Kb4 49. h3 Ka3 50. Kc4 Ne3+ 51. Kxc3 Nf1 52. Ne2 Ne3 53. Nd4
Nf1 54. Ne6 Nxg3 55. Nxg7 h4 56. Kd3 Kb4 57. Ke3 Kc4 58. Kf4 Kd5 59. Ne8 Ne2+
60. Kg4 Ke5 61. Ng7 Nd4 62. Kxh4 Nxf5+ 63. Nxf5 Kxf5 64. Kh5 Ke6 65. Kg6 f5 66.
h4 1/2-1/2

[Event "4NCL/Div3/SLOS2 vs. FCA1"]
[Site "Birmingham ENG"]
[Date "2007.11.11"]
[Round "4.1"]
[White "Kawuma, Stephen"]
[Black "Hetey, Laszlo"]
[Result "0-1"]
[WhiteElo "2163"]
[BlackElo "2359"]
[PlyCount "164"]
[EventDate "2007.11.11"]
[EventType "team"]
[EventRounds "11"]
[EventCountry "ENG"]
[SourceDate "2007.09.15"]

1. Nf3 Nf6 2. g3 c5 3. Bg2 g6 4. d3 Bg7 5. e4 d6 6. O-O O-O 7. Re1 Nc6 8. Nc3
Rb8 9. e5 dxe5 10. Nxe5 Nxe5 11. Rxe5 b6 12. Re1 Bg4 13. Bf3 Bxf3 14. Qxf3 Rc8
15. Bg5 Re8 16. Rad1 Qd7 17. Kg2 b5 18. Ne4 Nd5 19. c3 h6 20. Be3 Nxe3+ 21.
fxe3 b4 22. d4 cxd4 23. exd4 Qa4 24. Ra1 bxc3 25. bxc3 Qc4 26. Re3 Rb8 27. Re2
Rec8 28. Rae1 Rb5 29. Nc5 e5 30. Ne4 Rb6 31. dxe5 Bxe5 32. Nd2 Qxc3 33. Rxe5
Qxd2+ 34. R5e2 Qd7 35. Qe4 Re6 36. Qf3 Rxe2+ 37. Rxe2 Qa4 38. Rf2 Qc4 39. Qe3
Qd5+ 40. Qf3 Qd7 41. Qe3 h5 42. Qf4 Qe6 43. Qd4 Qc6+ 44. Kg1 Qb7 45. Qb2 Qe4
46. Re2 Qf3 47. Rf2 Qd1+ 48. Rf1 Qd5 49. Rf2 h4 50. gxh4 Qd1+ 51. Kg2 Qg4+ 52.
Kf1 Rd8 53. Rd2 Qf4+ 54. Rf2 Qxh4 55. Qb3 Qe7 56. h3 Qd7 57. Kg2 Qc6+ 58. Kh2
Qd6+ 59. Kg2 Rd7 60. Qc4 Re7 61. Qc8+ Kg7 62. Qc3+ f6 63. Kf1 Rc7 64. Qe3 Qc6
65. Kg1 Rd7 66. Kh2 Qc7+ 67. Kg2 Rd5 68. h4 Qd7 69. Qf3 Rf5 70. Qe3 Re5 71. Qf4
Qe6 72. Qd4 Qd5+ 73. Qxd5 Rxd5 74. Rc2 Ra5 75. Kg3 Ra3+ 76. Kf4 Kh6 77. Rc6
Rxa2 78. Kg3 Ra3+ 79. Kg2 f5 80. Rd6 Ra4 81. Kg3 Rg4+ 82. Kh3 Kh5 0-1

[Event "4NCL/Div3/SLOS2 vs. FCA1"]
[Site "Birmingham ENG"]
[Date "2007.11.11"]
[Round "4.2"]
[White "Tippleston, Charles"]
[Black "Foster, James J"]
[Result "1-0"]
[WhiteElo "2158"]
[BlackElo "2096"]
[PlyCount "81"]
[EventDate "2007.11.11"]
[EventType "team"]
[EventRounds "11"]
[EventCountry "ENG"]
[SourceDate "2007.09.15"]

1. e4 e6 2. d4 d5 3. Nd2 dxe4 4. Nxe4 Be7 5. Nf3 Bd7 6. Bd3 Bc6 7. O-O Nd7 8.
Qe2 h6 9. Bd2 Ngf6 10. Ng3 Nb6 11. c3 Qd5 12. c4 Qd8 13. Rad1 Na4 14. b3 Nb2
15. Rde1 Bxf3 16. gxf3 Nxd3 17. Qxd3 Qd7 18. Qe3 c6 19. Bc3 h5 20. Kh1 h4 21.
Ne4 Nh5 22. Rg1 Bd6 23. d5 cxd5 24. cxd5 Bf4 25. dxe6 fxe6 26. Qe2 O-O-O 27.
Nc5 Qc7 28. Qxe6+ Kb8 29. Be5 Bxe5 30. Qxe5 Qxe5 31. Rxe5 Rd2 32. Re4 b6 33.
Na6+ Kb7 34. Nb4 h3 35. Re7+ Kc8 36. Rc1+ Kd8 37. Nc6+ Kc8 38. Nb4+ Kd8 39.
Nc6+ Kc8 40. Nxa7+ Kd8 41. Rb7 1-0